Actors who worked with David Lynch - Statistics

General Stats
  • This quiz has been taken 91 times
  • The average score is 15 of 65
Answer Stats
Films Answer % Correct
Blue Velvet, Wild at Heart, Inland Empire Laura Dern
88%
Blue Velvet, Twin Peaks: Fire Walk with Me, Dune Kyle MacLachlan
82%
Mulholland Drive Naomi Watts
74%
The Elephant Man Anthony Hopkins
67%
Wild at Heart Nicolas Cage
66%
Blue Velvet, Wild at Heart Isabella Rossellini
63%
Eraserhead, Lost Highway, Dune, Wild at Heart Jack Nance
58%
Blue Velvet Dennis Hopper
53%
Twin Peaks: Fire Walk with Me David Bowie
51%
Mulholland Drive, Inland Empire Justin Theroux
51%
The Elephant Man John Hurt
49%
Twin Peaks: Fire Walk with Me, Wild at Heart Sheryl Lee
48%
Lost Highway Bill Pullman
44%
Wild at Heart, Inland Empire, The Straight Story Harry Dean Stanton
42%
Wild at Heart Willem Dafoe
42%
Dune Sting
40%
Lost Highway Patrica Arquette
36%
Dune Patrick Stewart
34%
Twin Peaks: Fire Walk with Me Ray Wise
30%
Eraserhead Charlotte Stewart
29%
Mulholland Drive, Inland Empire Laura Harring
27%
Twin Peaks: Fire Walk with Me Mädchen Amick
26%
Inland Empire Jeremy Irons
22%
The Straight Story Richard Farnsworth
21%
The Straight Story Sissy Spacek
21%
Twin Peaks: Fire Walk with Me Dana Ashbrook
18%
Dune, The Straight Story Everett McGill
18%
Twin Peaks: Fire Walk with Me Kiefer Sutherland
16%
Lost Highway Balthazar Getty
15%
Twin Peaks: Fire Walk with Me Miguel Ferrer
15%
The Elephant Man, Dune, Wild at Heart Freddie Jones
14%
Blue Velvet, Dune Dean Stockwell
12%
Lost Highway Richard Pryor
12%
Lost Highway Robert Blake
12%
Dune Virginia Madsen
12%
Inland Empire William H. Macy
12%
The Elephant Man Anne Bancroft
11%
Dune Brad Dourif
11%
Inland Empire Terry Crews
11%
Twin Peaks: Fire Walk with Me, Dune Jürgen Prochnow
11%
Mulholland Drive Robert Forster
11%
Wild at Heart Crispin Glover
10%
Wild at Heart J. E. Freeman
10%
Dune José Ferrer
10%
Dune Sean Young
10%
Dune Francesca Annis
8%
Eraserhead Judith Roberts
7%
Eraserhead Allen Joseph
5%
Mulholland Drive Ann Miller
4%
Twin Peaks: Fire Walk with Me Heather Graham
4%
Eraserhead Jeanne Bates
4%
Inland Empire Karolina Gruszka
4%
Dune Leonardo Cimino
4%
Dune Linda Hunt
4%
Mulholland Drive Mark Pellegrino
4%
Dune Max von Sydow
4%
Twin Peaks: Fire Walk with Me Phoebe Augustine
4%
Dune Richard Jordan
4%
The Elephant Man Wendy Hiller
4%
Lost Highway Giovanni Ribisi
3%
Lost Highway Michael Massee
3%
Inland Empire Natassja Kinski
3%
Inland Empire Peter J. Lucas
3%
Wild at Heart Pruitt Taylor Vince
3%
The Elephant Man John Gielgund
0%
No matching quizzes found
Score Distribution
Percent of People with Each Score
Percentile by Number Answered
Your Score History
You have not taken this quiz